| 000 | 00415 a2200169 4500 | ||
|---|---|---|---|
| 005 | 20150202142423.0 | ||
| 008 | 150131b xxu||||| |||| 00| 0 eng d | ||
| 020 | _a9788184000993 | ||
| 080 |
_a613.72 _bJAC |
||
| 100 | _aJacob,Vesna P | ||
| 245 | _aWork it out without a workout | ||
| 260 |
_c2013 _bRandom House _aNoida |
||
| 300 | _ax, 380p. | ||
| 653 | _aPhysical fitness | ||
| 653 | _aExercise | ||
| 942 | _cBK | ||
| 999 |
_c80353 _d80352 |
||